00397nam a2200121Ia 4500003000400000008004100004040001600045082001700061245010700078260007400185300001100259490000500270GCL140319s9999 xx 000 0 ara d aGCL / cGCL04a338.9bم ا10aالامكانيات العربية أعادة نظر وتقويم فى ضوء تنمية بديلة a[S.N] : bمركز دراسات الوحدة العربية ، c1982 a135 ص a